| 000 | 00334nam a2200133Ia 4500 | ||
|---|---|---|---|
| 008 | 210210b1991 xxu||||| |||| 00| 0 eng d | ||
| 082 | _a320.454 FADI | ||
| 100 | _aFADIA (B L). | ||
| 245 | _aIndian government & politics. | ||
| 260 |
_aAgra. _bSahitya Bhavan _c1991 |
||
| 300 | _a614,x | ||
| 690 | _aIndian Government | ||
| 906 | _a045442 | ||
| 999 |
_c94678 _d94678 |
||